Movies Quiz

Random Movies or Letter Quiz
Score 0/39 Timer 08:00
0 Plays Today
Answer % Correct
Cinderella
84.5%
Aladdin
82.4%
Beauty and the Beast
80.6%
Sleeping Beauty
77.9%
The Little Mermaid
76.9%
Snow White and the Seven Dwarfs
76.7%
The Aristocats
76.1%
Fantasia
71%
Mulan
71%
Pocahontas
67%
Tangled
66.3%
Bambi
61.3%
The Princess and the Frog
58.6%
One Hundred and One Dalmatians
57.3%
Lady and the Tramp
55.9%
Peter Pan
54.4%
Moana
54.3%
The Fox and the Hound
53.7%
Tarzan
52.6%
The Hunchback of Notre Dame
49.1%
Answer % Correct
Alice in Wonderland
46%
Fantasia 2000
44%
Oliver & Company
41.5%
The Black Cauldron
40.2%
Wreck-It Ralph
37.7%
Atlantis: The Lost Empire
37.4%
The Great Mouse Detective
34.2%
The Three Caballeros
34%
Zootopia
33.8%
Treasure Planet
32.8%
Brother Bear
32%
The Many Adventures of Winnie the Pooh
28.3%
Fun and Fancy Free
26.2%
Home on the Range
25.3%
Make Mine Music
24.1%
The Adventures of Ichabod and Mr. Toad
23.5%
Dinosaur
23.2%
Saludos Amigos
20.1%
Ralph Breaks the Internet
14.4%
Remove Ads.
Support Sporcle.
Get the best of Sporcle when you Go Orange. This ad-free experience offers more features, more stats, and more fun while also helping to support Sporcle. Thank you for becoming a member.

You're not logged in!

Compare scores with friends on all Sporcle quizzes.
OR
Log In

Sporcle TV

Today on Sporcle TV


Watch our educational content, quiz creation guides, and fun videos on Sporcle TV.

Show Comments

Extras

Top Quizzes Today


Score Distribution

Paid Content

Your Account Isn't Verified!

In order to create a playlist on Sporcle, you need to verify the email address you used during registration. Go to your Sporcle Settings to finish the process.

Report this User

Report this user for behavior that violates our Community Guidelines.

Details: